000 01015naa a22002897a 4500
001 BR7301365
003 BR-BrBNA
005 20240918173446.0
007 ta
008 230509b bl.||||| |||| 00| 0 por d
040 _aBR-BrBNA
_bpor
_cBiblioteca Nacional de Agricultura
041 _a(Pt)
072 _aF30
_b0150
_bG514
090 _aF30 BR7301365
100 1 _aMota, F.S. da
100 1 _aSteinmetz, S.
100 1 _aMotta, W.A.
111 1 _a3. Reuniao Geral da Cultura do Arroz
_cCachoeirinha, RS (Brazil)
_d23 Jul 1973
245 1 _aEnsaios de adaptacao de cultivares de arroz [Brasil]
260 3 _aPelotas, RS (Brasil):
_c1973.
500 _aAnais da 3. Reuniao Geral da Cultura do Arroz Pelotas, RS (Brasil): 1973. p. 139-142 (BR7301365-AM)F30
650 _aMelhoramento genetico vegetal
650 _aArroz
773 0 _tAnais da 3. Reuniao Geral da Cultura do Arroz
_wF30 BR7301365
_gPelotas, RS (Brasil), 1973. p. 139-142
909 _a202404
_bLucia
_c55
_dLucia Elande
942 _cAM
_2AGRIS
999 _c304723
_d304723